The meaning of gifts : (Record no. 2783)

MARC details
000 -LEADER
fixed length control field 01836cam a2200349 a 4500
005 - DATE AND TIME OF LATEST TRANSACTION
control field 20240115120506.0
020 ## - INTERNATIONAL STANDARD BOOK NUMBER
International Standard Book Number 9780194789271 (pbk.)
020 ## - INTERNATIONAL STANDARD BOOK NUMBER
International Standard Book Number 0194789276 (pbk.)
040 ## - CATALOGING SOURCE
Original cataloging agency JE5
Transcribing agency JE5
Modifying agency AU@
-- DLC
Language of cataloging eng
050 00 - LIBRARY OF CONGRESS CALL NUMBER
Classification number PE1126.A4
Item number B376783 2008
082 04 - DEWEY DECIMAL CLASSIFICATION NUMBER
Classification number 428.6
Edition number 22
100 1# - MAIN ENTRY--PERSONAL NAME
Personal name Bassett, Jennifer
245 14 - TITLE STATEMENT
Title The meaning of gifts :
Remainder of title stories from Turkey /
Statement of responsibility, etc. retold by Jennifer Bassett ; illustrated by Gay Galsworthy.
250 ## - EDITION STATEMENT
Edition statement This simplified edition Oxford University Press 2008
260 ## - PUBLICATION, DISTRIBUTION, ETC.
Place of publication, distribution, etc. Oxford :
Name of publisher, distributor, etc. Oxford University Press,
Date of publication, distribution, etc. 2008
300 ## - PHYSICAL DESCRIPTION
Extent 55 pages :
Other physical details illustrations ;
Dimensions 20 cm
490 0# - SERIES STATEMENT
Series statement Oxford Bookworms Library ; Stage 1, World stories.
500 ## - GENERAL NOTE
General note "First published in Oxford Bookworms,1996 as Four Turkish Stories"--T.p. verso.
500 ## - GENERAL NOTE
General note Originally published as: Four Turkish stories.
505 0# - FORMATTED CONTENTS NOTE
Formatted contents note K
520 ## - SUMMARY, ETC.
Summary, etc. This award-winning collection of adapted classic literature and original stories develops reading skills for low-beginning through advanced students. Accessible language and carefully controlled vocabulary build students' reading confidence. Introductions at the beginning of each story, illustrations throughout, and glossaries help build comprehension. Before, during, and after reading activities included in the back of each book strengthen student comprehension. Audio versions of selected titles provide great models of intonation and pronunciation of difficult words.
521 ## - TARGET AUDIENCE NOTE
Target audience note 530
Source Lexile
521 ## - TARGET AUDIENCE NOTE
Target audience note K
Source Raz-Plus
650 #0 - SUBJECT ADDED ENTRY--TOPICAL TERM
Topical term or geographic name entry element Readers (Adult)
650 #0 - SUBJECT ADDED ENTRY--TOPICAL TERM
Topical term or geographic name entry element English language
Form subdivision Textbooks for foreign speakers.
650 #0 - SUBJECT ADDED ENTRY--TOPICAL TERM
Topical term or geographic name entry element Reading comprehension
Form subdivision Problems, exercises, etc.
650 #0 - SUBJECT ADDED ENTRY--TOPICAL TERM
Topical term or geographic name entry element Short stories, Turkish.
700 1# - ADDED ENTRY--PERSONAL NAME
Personal name Galsworthy, Gay
Relator term illustrator
906 ## - LOCAL DATA ELEMENT F, LDF (RLIN)
a 7
b cbc
c copycat
d 2
e ncip
f 20
g y-gencatlg
942 ## - ADDED ENTRY ELEMENTS (KOHA)
Source of classification or shelving scheme Dewey Decimal Classification
Koha item type Books
Suppress in OPAC No
999 ## -
-- 2783
-- 2783
Holdings
Withdrawn status Lost status Source of classification or shelving scheme Damaged status Not for loan Collection Home library Current library Shelving location Date acquired Total Checkouts Full call number Barcode Date last seen Date last checked out Price effective from Koha item type
    Dewey Decimal Classification     Fiction Footprints International School Library Network Toul Kork Campus Footprints International School Library Network Toul Kork Campus   01/15/2024 3 BAS 428.6 PE1126.A4 FIS00246 04/10/2025 08/21/2024 01/15/2024 Books